[One Piece] Équipage du Heart (Law) en images - Statistiques

Statistiques générales
  • Ce quiz a été pris 103 fois
    55 depuis la dernière actualisation
  • Le résultat moyen est 5 sur 9
Statistiques - réponses
Par images Réponse % Correct
Bepo
97%
Tralfalgar D. Water Law
97%
Penguin
70%
Jean Bart
65%
Shachi
46%
Clione
32%
Ikkaku
30%
Uni
30%
Hakugan
19%
Aucun quiz correspondant
Distribution des résultats
% des personnes avec chaque résultat
Percentile par nombre de réponses
Votre historique - résultats
Vous n’avez pas pris ce quiz depuis la dernière actualisation